Southville International School and Colleges
Your cart is empty.
  • Cart
  • Lists
    Public lists Eva Luna New books Lux_list list_1
    Your lists Log in to create your own lists
  • Log in to your account
  • Your cookies
  • Search history
Southville International School and Colleges
  • Advanced search
  • Recent comments
  • Most popular
  • Libraries

Log in to your account

Log in with GOOGLE


If you do not have an external account, but do have a local account, you can still log in:

  1. Home
  2. MARC view: Intermediate accounting /
Normal view MARC view ISBD view

Intermediate accounting / (Record no. 115493)

[ view plain ]
MARC details
000 -LEADER
fixed length control field 00512nam a22001817a 4500
003 - CONTROL NUMBER IDENTIFIER
control field OSt
005 - DATE AND TIME OF LATEST TRANSACTION
control field 20140425105137.0
008 - FIXED-LENGTH DATA ELEMENTS--GENERAL INFORMATION
fixed length control field 140425b xxu||||| |||| 00| 0 eng d
020 ## - INTERNATIONAL STANDARD BOOK NUMBER
International Standard Book Number 032440011X
050 ## - LIBRARY OF CONGRESS CALL NUMBER
Classification number HF 5635
Item number .St854 2007
100 ## - MAIN ENTRY--PERSONAL NAME
Personal name Stice, James D.
245 ## - TITLE STATEMENT
Title Intermediate accounting /
Statement of responsibility, etc James D. Stice, Earl K. Stice, K. Fred Skousen.
250 ## - EDITION STATEMENT
Edition statement 16th ed.
260 ## - PUBLICATION, DISTRIBUTION, ETC. (IMPRINT)
Place of publication, distribution, etc Aus :
Name of publisher, distributor, etc Thomson,
Date of publication, distribution, etc c2007.
300 ## - PHYSICAL DESCRIPTION
Extent xxxii, 1323 p. :
Other physical details col. ill. ;
Dimensions 27 cm.
942 ## - ADDED ENTRY ELEMENTS (KOHA)
Source of classification or shelving scheme Library of Congress Classification
Koha item type Books
Holdings
Withdrawn status Lost status Source of classification or shelving scheme Damaged status Home library Current library Shelving location Date acquired Sub Shelving location Total Checkouts Full call number Barcode Date last seen Copy number Price effective from Koha item type
    Library of Congress Classification   Luxembourg Library Luxembourg Library Teachers Reference Section 04/25/2014     HF 5635 .St854 2007 16817 01/13/2016 1 04/25/2014 Books

Intermediate accounting /

APA

Stice J. D., . (2007). Intermediate accounting. Aus: Thomson.

Chicago

Stice James D, . 2007. Intermediate accounting. Aus: Thomson.

Harvard

Stice J. D., . (2007). Intermediate accounting. Aus: Thomson.

MLA

Stice James D, . Intermediate accounting. Aus: Thomson. 2007.

  • Place hold
  • Print
  • Cite
  • Add to your cart (remove)
  • Save record
    BIBTEX Dublin Core MARCXML MARC (non-Unicode/MARC-8) MARC (Unicode/UTF-8) MARC (Unicode/UTF-8, Standard) MODS (XML) RIS
  • More searches
    Search for this title in:
    Other Libraries (WorldCat) Other Databases (Google Scholar) Online Stores (Bookfinder.com) Open Library (openlibrary.org)

Exporting to Dublin Core...

SOUTHVILLE LIBRARY

Southville International School and Colleges Library

1281 Tropical Ave. Cor. Luxembourg St., BF Homes International, Las Pinas City

Tel. No. 8256374 / 252358 Loc. 117/146

Powered by Koha